States without the 5 Most Common Names for Counties - Statistics

General Stats
  • This quiz has been taken 14 times
  • The average score is 5 of 9
Answer Stats
# of Counties State % Correct
30 Alaska
85%
5 Hawaii
85%
3 Delaware
69%
15 Arizona
62%
8 Connecticut
62%
58 California
54%
21 New Jersey
54%
53 North Dakota
46%
46 South Carolina
23%
No matching quizzes found
Score Distribution
Percent of People with Each Score
Percentile by Number Answered
Your Score History
You have not taken this quiz